Personnalités au hasard #27 - Statistiques

Statistiques générales
  • Ce quiz a été pris 248 fois
  • Le résultat moyen est 9 sur 32
Statistiques - réponses
Par images Réponse % Correct
Keen'V
93%
Pascal Obispo
88%
Mika
86%
Patrick Sébastien
85%
Denzel Washington
52%
Hamza
49%
Mireille Mathieu
45%
Stevie Wonder
45%
Central Cee
44%
Christian Quesada
37%
Pop Smoke
37%
Annie Cordy
34%
David Marsais
27%
Roxane
27%
Angela White
23%
Carole Bouquet
22%
Potatoz
21%
Bonnie Tyler
17%
François Baroin
13%
Sophia Loren
11%
Malala Yousafzai
9%
Anne Depétrini
7%
Awa Imani
6%
Kali Uchis
6%
Anne Le Nen
4%
Josée Dayan
4%
El Alfa
2%
Feder
2%
Gertrude Bell
2%
Pierre Messmer
2%
Rita Hayworth
2%
Stevie Nicks
2%
Aucun quiz correspondant
Distribution des résultats
% des personnes avec chaque résultat
Percentile par nombre de réponses
Votre historique - résultats
Vous n’avez pas pris ce quiz